Normal view
MARC view
Entry Personal Name
001 - CONTROL NUMBER
- control field: 76059
003 - CONTROL NUMBER IDENTIFIER
- control field: dpl
005 - DATE AND TIME OF LATEST TRANSACTION
- control field: 20250108101800.0
008 - FIXED-LENGTH DATA ELEMENTS
- fixed length control field: 250108|| aca||aabn | a|a d
040 ## - CATALOGING SOURCE
- Original cataloging agency: dpl
- Transcribing agency: dpl
100 ## - HEADING--PERSONAL NAME
- Personal name: Mathew, George K
670 ## - SOURCE DATA FOUND
- Source citation: Work cat.: (dpl)208173: Mathew, George K., Quality of Mangement Education and its Impact on Skill Development:, 2019
